000 00606nam a2200229Ia 4500
003 OSt
005 20220928104156.0
006 a|||||r|||| 00| 0
007 ta
008 220927b |||||||| |||| 00| 0 eng d
024 _a108227
037 _cTextual
040 _aSDCL
_cSDCL
_beng
041 _2eng
_aeng
082 _aO,1:g, M4
100 _aSharma Devendra Nath
_9403641
245 0 _aPaschatya kavyashastra
260 _aNew Delhi
_bNational Publishing House
_c1984
300 _a270p.
_ccm.
942 _hO,1:g, M4
_cTEXL
_2CC
999 _c725007
_d725007